| 000 | 00600cam a2200205 4500500 | ||
|---|---|---|---|
| 005 | 20260329003328.0 | ||
| 041 | _afre | ||
| 042 | _adc | ||
| 100 | 1 | 0 |
_aFereday, Jack _eauthor |
| 245 | 0 | 0 | _aLosers : Les figures perdues de l’autorité |
| 260 | _c2015. | ||
| 500 | _a86 | ||
| 690 | _aAutorité | ||
| 690 | _aAvital Ronell | ||
| 690 | _aCrise | ||
| 690 | _aPolitique | ||
| 690 | _aPouvoir | ||
| 786 | 0 | _nPhilosophie magazine | 90 | 6 | 2015-06-01 | p. 64-64 | 1951-1787 | |
| 856 | 4 | 1 | _uhttps://shs.cairn.info/magazine-philosophie-magazine-2015-6-page-64?lang=fr&redirect-ssocas=7080 |
| 999 |
_c1823589 _d1823589 |
||